000 00539nam a2200181Ia 4500
008 100920s9999 xx 000 0 und d
082 _b91732
_a51 थ 71
100 _aजोशी मृणालिनी.
245 _aमुक्ताई.
260 _bकेसरी प्रकाशन, पुणें.
_c1971
300 _a228
_bसाधी
365 _b10
520 _aचरित्र.
630 _aमुक्ताई.
650 _aचरित्र.
730 _aमुक्ताई.
942 _cBOOK
999 _c732198
_d732195